الإسرائيليات في تفسير الطبري : (Record no. 8032)
[ view plain ]
| 000 -الفاتح | |
|---|---|
| حقل البيانات ثابتة الطول | 00734nac a22001691u 4500 |
| 008 - عناصر البيانات ثابتة الطول - معلومات عامة | |
| حقل البيانات ثابتة الطول | 080818s2001 ua||||||r||| 001 0dara d |
| 020 ## - الرقم الدولى المعيارى للكتب | |
| الرقم الدولى المعيارى للكتاب | 9772290936 |
| 082 ## - رقم تصنيف ديوى العشرى | |
| رقم التصنيف | 227.6 |
| رقم المادة | ر ب ي |
| 245 ## - بيان العنوان | |
| العنوان | الإسرائيليات في تفسير الطبري : |
| بقية العنوان | دراسة في اللغة والمصادر العبرية / |
| بيان المسئوليه,etc | آمال محمد عبد الرحمن ربيع |
| 260 ## - PUBLICATION, DISTRIBUTION, ETC. (IMPRINT) | |
| مكان الناشر او الموزع | القاهرة : |
| اسم الناشر او الموزع | وزارة الأوقاف، المجلس الأعلي للشئون الاسلامية، |
| تاريخ النشر أو التوزيع | 2001. |
| 300 ## - الوصف المادى | |
| التعداد | 427 ص ؛ |
| أبعاد الوعاء | 32 سم. |
| 500 ## - تبصرة عامة | |
| تبصرة عامة | يحتوي علي ملاحق |
| 504 ## - تبصرة ببليوجرافية | |
| تبصرة ببليوجرافية,الخ | ببليوجرافية: 415-425 |
| 511 ## - | |
| -- | Catalogued by: Sara |
| 541 ## - تبصرة المصدر المباشر للتزويد | |
| مصدر التزويد | ألف باء؛ |
| طريقة التزويد | شراء؛ |
| 942 ## - عناصر المدخل الإضافي( كوها) | |
| Koha [default] item type | Book - Borrowing |
| سابقة رقم الطلب | 227.6ر ب ي |
| مصدر التصنيف او مخطط الترفيف | Dewey Decimal Classification |
| حالة التراجع | حالة الفقد | مصدر التصنيف او خطة الترفيف | حالة تلف | ليس للاعارة | مجموعات كوها | المكان الدائم | المكان الحالي | موقع الترفيف | تاريخ الاكتساب | Source of acquisition | رقم الاستدعاء | الباركود | Date last seen | مُعار | نوع الوعاء |
|---|---|---|---|---|---|---|---|---|---|---|---|---|---|---|---|
| Dewey Decimal Classification | Alef-Baa | Central Library | Central Library | Lower Floor | 25/07/2010 | 227.6 رب ي | 000009820 | 15/07/2025 | 31/03/2021 | Book - Borrowing |